000
00303nam a2200121Ia 4500
008
220204s9999 xx 000 0 und d
082
_a
581.4
_b
SIN
100
_a
SINNOT, Edmund W
245
0
_a
Plant morphogenesis
260
_a
New York
_b
Mcgraw Hill
_c
1960
650
_a
Plant morphogenesis
942
_c
BK
999
_c
20974
_d
20974